| 000 | 00451nam a2200145Ia 4500 | ||
|---|---|---|---|
| 008 | 231129s1990||||xx |||||||||||||| ||spa|| | ||
| 020 | _a968-422-734-5 | ||
| 040 | _bspa | ||
| 082 | _a332.45 R555m | ||
| 100 | _aRiehl Heinz | ||
| 245 | 0 | _aMercados de divisas y mercados de dinero: Operaciones de monedas nacionales y extranjeras | |
| 260 | _c1990 | ||
| 264 | _aMadrid EspaƱa : McGraw-Hill | ||
| 942 |
_2ddc _cBKS |
||
| 999 |
_c21009 _d21009 |
||